000
00302nam a22001337a 4500
020
_a
81-8388-159-9
082
_a
001
_b
PAR/Q
100
_a
PARTHASARATHY, M K
245
_a
QUIZ QUEST SPORTS
260
_a
CHENNAI
_b
SPIDER BOOKS
_c
2009
300
_a
32
650
_a
GENERAL KNOWLEDGE
_z
INDIA
942
_c
BK
999
_c
6597
_d
6597